000 00306nam a22001337a 4500
008 190305b xxu||||| |||| 00| 0 eng d
020 _a9781594120138
041 _aeng
080 _a710
100 _a45
101 _aART
245 _aThe Giant Book of London from the Air
_cHawkes, J
942 _2udc
_cBK
999 _c54526
_d54526